Ricostruisci la Carriera del Calciatore - Andrea Pinamonti - Statistics

Statistiche generali
  • Questo quiz è stato fatto 24 volte
  • Il punteggio medio è 3 su 6
Statistiche sulle risposte
Hint Risposta % Corretto
2022- Sassuolo
63%
2016-2018 Inter
58%
2019-2020 Genoa
47%
2021-2022 Empoli
37%
2018-2019 Frosinone
32%
2020-2021 Inter
21%
Nessun quiz corrispondente trovato
Distribuzione punteggi
Percentuale di utenti per punteggio
Percentile per numero di risposta
I tuoi punteggi nel tempo
Non hai fatto questo quiz